| 000 | 01007cam a2200313Ia 4500 | ||
|---|---|---|---|
| 999 |
_c4877 _d4877 |
||
| 001 | 216079 | ||
| 003 | GBCCL | ||
| 005 | 20241126110528.0 | ||
| 008 | 950222s1990 tnu 000 0 eng d | ||
| 020 | _a0913367389 (pbk.) | ||
| 020 | _a9780913367384 (pbk.) | ||
| 035 | _a(OCoLC)ocm32032260 | ||
| 035 | _a(OCoLC)32032260 | ||
| 040 |
_aPBE _cPBE _dOCL _dOCLCG _dLBB |
||
| 049 | _aLBBK | ||
| 050 | 0 | 0 |
_aBT306.5 _b.C37 1990 |
| 082 | 0 | 0 |
_a232.901 _aB _220 _bCAR |
| 090 |
_aBT306.5 _b.C37 1990 |
||
| 100 | 1 |
_aCard, Michael, _d1957- _98877 |
|
| 245 | 1 | 0 |
_aImmanuel : _breflections on the life of Christ / _cMichael Card. |
| 250 | _aBilly Graham Evangelistic Association special ed. | ||
| 260 |
_aNashville : _bT. Nelson Publishers, _cc1990. |
||
| 300 |
_a224 p. : _bill. ; _c21 cm. |
||
| 500 | _a"A Janet Thoma book."--Verso t.p. | ||
| 520 | _aChristian Library of Lancaster Collection. | ||
| 600 | 0 | 0 |
_aJesus Christ _vDevotional literature. _98878 |
| 600 | 0 | 0 |
_aJesus Christ _vPoetry. _95214 |
| 942 |
_2ddc _cBK _01 |
||